00624cam a2200217 a 450000100100000000500170001000800410002702000150006804000230008308200230010610000340012924500360016325000120019926000330021130000210024449000290026558600330029465000220032765000260034983000310037500000775420200929154304.0760428s1976 sp 000 f spa  a8423309398 aDO-SdBNPcDLCdDLC a863.64bU49n, 19761 aUmbral, Francisco,d1932-200714aLas ninfas /cFrancisco Umbral. a12a ed. aBarcelona :bDestino,c1976. a247 p. ;c19 cm.1 aÁncora y delfínv481 a"Premio Eugenio Nadal 1975". 4aNovela española 4aLiteratura española 0aÁncora y delfín ;v481